000 00701nam a2200217 a 4500
005 20140310183407.0
008 121029s19uu xx 00 eng d
020 _a9780132539555
050 _aHF 5718
_b.B66 2012
100 _aBovee, Courtland L.
245 _aBusiness communication today /
_cCourtland L. Bovee, John V. Thill.
250 _a11th ed.
260 _aBoston, Ma :
_bPearson,
_c2012.
300 _axxxviii, 579, [93] p. :
_bill. col. ;
_c29 cm.
521 _aBSBA
650 _aBusiness communication
_xUnited States
_xCase studies
650 _aCommunication in organizations
_xUnited States
_xCase studies
700 _aThill, John V.
942 _cBK
_2lcc
_kFOR
999 _c22441
_d22441